|
|
|
|
| LEADER |
00000cam a2200000 7i4500 |
| 001 |
0000278784 |
| 005 |
20210225095326.0 |
| 020 |
|
|
|a 9789674128876
|
| 090 |
0 |
0 |
|a 341.26
|b HAM
|
| 100 |
0 |
|
|a Hamed Hashemi Sougheh
|
| 245 |
1 |
0 |
|a Recognition and legitimacy of transitional governments under international law :
|b a case of Libya
|c Hamed Hashemi Sougheh, Rojaida Nordin
|
| 260 |
|
|
|a Bangi :
|b Penerbit Universiti Kebangsaan Malaysia ,
|c 2019
|
| 300 |
|
|
|a 164p. ;
|c 23cm.
|
| 650 |
|
0 |
|a Government publications
|z Malaysia
|
| 650 |
|
0 |
|a Legitimacy of governments
|
| 650 |
|
0 |
|a Recognition (International law)
|
| 700 |
0 |
|
|a Rohaida Nordin
|
| 999 |
|
|
|a 00387173
|b BUKU
|c PINJAMAN
|e PERPUSTAKAAN KOMUNITI PETALING JAYA
|